| 000 | 00890nam a2200289 i 4500 | ||
|---|---|---|---|
| 001 | 53415 | ||
| 003 | ES-MaACL | ||
| 005 | 20250304063100.0 | ||
| 007 | t| | ||
| 008 | 031023s2001 sp ||||0| spa j | ||
| 020 | _a84-204-4306-9 | ||
| 040 |
_aM-BN _bspa _cM-BN |
||
| 080 | _a821.134.3-94"19" | ||
| 100 | 1 |
_aSaramago, José, _d1922-2010 _9103754 |
|
| 245 | 1 | 0 |
_aCuadernos de Lanzarote / _cJosé Saramago. |
| 250 | _a1ª ed. | ||
| 260 |
_aMadrid : _bAlfaguara, _c2001. |
||
| 300 |
_a2 v. ; _c22 cm. |
||
| 490 | 1 | _aBiblioteca José Saramago | |
| 505 | 8 | _av. 1 (1993-1995) / traducción de Eduardo Naval - v. 2 (1996-1997) / traducción de Pilar del Río | |
| 700 | 1 |
_aNaval, Eduardo. _985020 |
|
| 700 | 1 |
_aRío, Pilar del. _997313 |
|
| 830 | 0 |
_aBiblioteca José Saramago _9180315 |
|
| 852 | 4 |
_aES-MaACL _jL-26581-82 |
|
| 999 |
_c53415 _d53415 |
||